American hunger / (Record no. 9317)
[ view plain ]
| 000 -LEADER | |
|---|---|
| fixed length control field | 00994cam a2200313 i 4500 |
| 001 - CONTROL NUMBER | |
| control field | 346307 |
| 003 - CONTROL NUMBER IDENTIFIER | |
| control field | SISC |
| 005 - DATE AND TIME OF LATEST TRANSACTION | |
| control field | 20160301144919.0 |
| 008 - FIXED-LENGTH DATA ELEMENTS--GENERAL INFORMATION | |
| fixed length control field | 761228s1977 nyufh 000 0aeng |
| 010 ## - LIBRARY OF CONGRESS CONTROL NUMBER | |
| LC control number | 76047248 |
| 020 ## - INTERNATIONAL STANDARD BOOK NUMBER | |
| International Standard Book Number | 0060804645 |
| Terms of availability | $8.95 |
| 040 ## - CATALOGING SOURCE | |
| Original cataloging agency | DLC |
| Transcribing agency | DLC |
| Modifying agency | DLC |
| 050 00 - LIBRARY OF CONGRESS CALL NUMBER | |
| Classification number | PS3545.R815 |
| Item number | Z498 1977 |
| 082 00 - DEWEY DECIMAL CLASSIFICATION NUMBER | |
| Classification number | HS 920.813 |
| -- | W93 1977 |
| 100 1# - MAIN ENTRY--PERSONAL NAME | |
| Personal name | Wright, Richard, |
| Dates associated with a name | 1908-1960. |
| 9 (RLIN) | 13199 |
| 245 10 - TITLE STATEMENT | |
| Title | American hunger / |
| Statement of responsibility, etc | Richard Wright ; afterword by Michel Fabre. |
| 250 ## - EDITION STATEMENT | |
| Edition statement | 1st ed. |
| 260 ## - PUBLICATION, DISTRIBUTION, ETC. (IMPRINT) | |
| Place of publication, distribution, etc | New York : |
| Name of publisher, distributor, etc | Harper & Row, |
| Date of publication, distribution, etc | c1977. |
| 300 ## - PHYSICAL DESCRIPTION | |
| Extent | 146 p., [1] leaf of plate : |
| Other physical details | facsim ; |
| Dimensions | 22 cm. |
| 500 ## - GENERAL NOTE | |
| General note | Autobiographical. |
| 500 ## - GENERAL NOTE | |
| General note | Continues Black boy. |
| 526 ## - STUDY PROGRAM INFORMATION NOTE | |
| Reading level | 1000L to 1310L |
| 600 10 - SUBJECT ADDED ENTRY--PERSONAL NAME | |
| Personal name | Wright, Richard, |
| Dates associated with a name | 1908-1960. |
| 9 (RLIN) | 13200 |
| 650 #0 - SUBJECT ADDED ENTRY--TOPICAL TERM | |
| Topical term or geographic name as entry element | Authors, American |
| Chronological subdivision | 20th century |
| Form subdivision | Biography. |
| 9 (RLIN) | 13201 |
| 650 #0 - SUBJECT ADDED ENTRY--TOPICAL TERM | |
| Topical term or geographic name as entry element | African Americans |
| General subdivision | Social conditions. |
| 9 (RLIN) | 13202 |
| 906 ## - LOCAL DATA ELEMENT F, LDF (RLIN) | |
| a | 7 |
| b | cbc |
| c | orignew |
| d | 1 |
| e | ocip |
| f | 19 |
| g | y-gencatlg |
| 942 ## - ADDED ENTRY ELEMENTS (KOHA) | |
| Source of classification or shelving scheme | Library of Congress Classification |
| Koha item type | Books |
| Withdrawn status | Lost status | Source of classification or shelving scheme | Damaged status | Home library | Current library | Shelving location | Date acquired | Total Checkouts | Full call number | Barcode | Date last seen | Copy number | Price effective from | Koha item type |
|---|---|---|---|---|---|---|---|---|---|---|---|---|---|---|
| Library of Congress Classification | Luxembourg Library | Luxembourg Library | High School Section | 08/24/2013 | PS 3545.R815 .Z498 1997 | 10994 | 08/24/2013 | 1 | 10/03/2013 | Books |